000 01096nam a2200229Ii 4500
003 JO-AjNU
008 230605s9999||||xx |||||||||||||| ||und||
017 _a2014/2323
020 _a978-977-473-081-8
040 _aJO-AjNU
_bara
_erda
_cJO-AjNU
041 _aara
050 1 4 _aHD30.23 2014
100 3 _aالمنظمة العربية للتنمية الادارية,
_eauthor
_952059
245 0 0 _a صناعة القرار والتميز المؤسسي: بحوث وأوراق ملتقى صناعة القرار والتميز المؤسسي من منظور قانوني وإداري .) الشارقة، دولة الامارات العربية المتحدة، ديسمبر 2013
264 3 1 _aالقاهرة: المنظمة العربية للتنمية الادارية، 2014
300 _a302ص
336 _atext
_btxt
_2rdacontent
337 _aunmediated
_bn
_2rdamedia
338 _avolume
_bnc
_2rdacarrier
490 0 _aمطبوعات المنظمة العربية للتنمية الإدارية. أعمال المؤتمرات 
650 4 _aاتخاذ القرارات
_952060
999 _aA23038
_c26606
_d26606